| 000 | 00504cam a2200217ua 4500 | ||
|---|---|---|---|
| 001 | 7638 | ||
| 005 | 20260515114235.0 | ||
| 008 | 141218n ii |||gr||||Z||||||asm | ||
| 020 | _a9789324400680 | ||
| 040 | _cMAIN | ||
| 041 | _aasm | ||
| 082 | _a398 | ||
| 100 |
_aSarma. N. Ch., _eAuthor. |
||
| 245 |
_aLoka sanskriti _cBy Nabin Chandra Sarma |
||
| 250 | _a2nd rev. | ||
| 260 |
_aGuwahati: _bChandra, _c2013. |
||
| 300 | _a406p. | ||
| 653 | _aFolklore | ||
| 653 | _aFolklife of assam | ||
| 942 | _cBK | ||
| 999 |
_c6755 _d6755 |
||